Normal view
MARC view
- WHITWOSTH, DONALD
Entry Personal Name
001 - CONTROL NUMBER
- control field: 79304
003 - CONTROL NUMBER IDENTIFIER
- control field: NUST
005 - DATE AND TIME OF LATEST TRANSACTION
- control field: 20210628210420.0
008 - FIXED-LENGTH DATA ELEMENTS
- fixed length control field: 210628|| aca||aabn | a|a d
040 ## - CATALOGING SOURCE
- Original cataloging agency: NUST
- Transcribing agency: NUST
100 ## - HEADING--PERSONAL NAME
- Personal name: WHITWOSTH, DONALD
670 ## - SOURCE DATA FOUND
- Source citation: Work cat.: (NUST): WHITWOSTH, DONALD, BASIC DIGITAL COMPUTER CONCEPTS, 1969
